00524nam a2200157Ia 4500082001200000100002500012245008200037260006000119300001000179650003000189650002200219650002300241700002300264700002400287710005500311 aRE.0016 aEngineer, Asghar Ali 0aCollege teachers and secularism: a survey of opinions, attitudes and outlooks c0bIndian Council of Social Science Research, New Delhi a202p. aCOLLEGE TEACHERS - MUMBAI aTEACHERS - MUMBAI aSECULARISM - INDIA aNair, P.K. jt. au. aNagar, Anil jt. au. aCentre for Study of Society and Secularism, Mumbai